000 00407nam a2200181Ia 4500
001 4156
005 20260306145735.0
008 260306t2010||||xx |||||||||||||| ||spa||
041 _aESP
082 _a307.12
_bG334
100 _aGehl, Jan
_eAUT
245 0 _aCities for people
260 _c2010
300 _axi, 269 páginas :
_c26 cm.
650 _aGEN
654 _aCHU
942 _cLIB
_dJUS
_fJUS
_2ddc
_n
999 _c4156
_d4156